| 000 | 00787nam a2200253 a 4500 | ||
|---|---|---|---|
| 001 | 43736 | ||
| 003 | BD-RjUL | ||
| 005 | 20211209053739.0 | ||
| 008 | 160627s1948 enk a 000 0 eng d | ||
| 035 | _a(OCoLC)ocm34315714 | ||
| 035 | _a(BD-RjUL) 43854 | ||
| 035 | _a(NNC)1787488 | ||
| 040 |
_aPR1 _cPR1 _dZCU _beng |
||
| 041 | _aeng | ||
| 082 |
_223 _a338.91 _bMEP 1957 |
||
| 100 | 1 |
_aMeade, J. E. _q(James Edward), _d1907-1995. _9131918 |
|
| 245 | 1 | 0 |
_aPlanning and the price mechanism : _bthe liberal-socialist solution / _cMeade, James Edward |
| 260 |
_aLondon : _bG. Allen & Unwin, _c1948 [impression 1957] |
||
| 300 |
_axiv, 130 p. ; _c19 cm. |
||
| 650 | 0 |
_aEconomic policy. _9134414 |
|
| 650 | 0 |
_aPrices. _9134415 |
|
| 776 | 1 |
_cOriginal _w(DLC) 48025381 |
|
| 942 |
_2ddc _cBK |
||
| 999 |
_c43736 _d43736 |
||